00454nam a2200181Ia 4500003000400000005001700004008004100021020003000062040001700092082001800109100001800127245004100145250001100186260002800197300002300225650001400248653001000262IIN20240205132106.0231217s9999 xx 000 0 und d cRs.2595.00a9789352705474 aIINbEnglish a616.07 bMOH1 aMohan, Harsh 1 aTextbook of Pathology /cHarsh Mohan a8th ed bJaypeeaNew Delhic2019 axviii,[2] 1-1010p.1 aPathology1 aPatho